[Event "Liberec Region-chT 2223"]
[Site "Czech Republic"]
[Date "2023.04.02"]
[Round "11.1"]
[White "Dolensky, Filip"]
[Black "Duda, Antonin"]
[Result "0-1"]
[WhiteElo "2076"]
[BlackElo "2082"]
[PlyCount "53"]
[EventDate "2022.10.09"]
[EventType "team-tourn"]
[EventRounds "11"]
[EventCountry "CZE"]
[SourceTitle "EXT 2024"]
[Source "ChessBase"]
[SourceDate "2023.10.10"]
[SourceVersion "1"]
[SourceVersionDate "2023.10.10"]
[SourceQuality "1"]

1. Nf3 d5 2. c4 e6 3. d4 Nf6 4. Nc3 dxc4 5. e3 a6 6. Bxc4 b5 7. Be2 Bb7 8. 0-0 Nbd7 9. b3 c5 10. Bb2 Bd6 11. Rc1 0-0 12. h3 Qb8 13. dxc5 Nxc5 14. Qd4 Rd8 15. Qh4 b4 16. Na4 Nce4 17. Nb6 Ra7 18. Nc4 Bc5 19. Be5 Qa8 20. Na5 Rd5 21. Nxb7 Qxb7 22. Bxf6 Nxf6 23. Qc4 Bf8 24. Qc8 Ra5 25. Qxb7 Rxb7 26. Rc6 Ra7 27. Ne5 0-1

[Event "CZE-ch U16"]
[Site "Teplice"]
[Date "2023.03.18"]
[Round "9"]
[White "Dolensky, Filip"]
[Black "Pelc, Adam"]
[Result "1/2-1/2"]
[WhiteElo "2108"]
[BlackElo "1871"]
[PlyCount "95"]
[EventDate "2023.03.11"]
[EventType "swiss"]
[EventRounds "9"]
[EventCountry "CZE"]
[SourceTitle "CBM 213 Extra"]
[Source "ChessBase"]
[SourceDate "2023.05.31"]
[SourceVersion "1"]
[SourceVersionDate "2023.05.31"]
[SourceQuality "1"]

1. e4 e5 2. Nf3 Nf6 3. d3 Nc6 4. Nbd2 Bc5 5. h3 d5 6. c3 a6 7. Qc2 Be6 8. Be2 h6 9. Nf1 Qd7 10. b4 Bd6 11. a3 b5 12. Ng3 0-0 13. 0-0 Rfb8 14. Bb2 a5 15. Rac1 axb4 16. cxb4 Ra6 17. Qd2 d4 18. Bd1 Kh7 19. Re1 Ng8 20. Nh2 Nge7 21. Ng4 Ng6 22. Bf3 Be7 23. Qe2 Bg5 24. Rc5 Be7 25. Rcc1 Bg5 26. Rc5 Be7 27. Rec1 Nf4 28. Qd2 Bxc5 29. Rxc5 f6 30. Ne2 Ng6 31. Ng3 Nce7 32. Nh5 Ng8 33. Qc2 c6 34. Ng3 Nh4 35. Be2 Ng6 36. Bf3 Nf8 37. Qd2 Qe7 38. Qc1 Rc8 39. Nf5 Bxf5 40. exf5 Qd7 41. Be4 Ne7 42. Qd1 Nd5 43. Qc2 Nf4 44. Kh2 Qd6 45. g3 h5 46. gxf4 hxg4 47. hxg4 exf4 48. f3 1/2-1/2

[Event "CZE-ch U16"]
[Site "Teplice"]
[Date "2023.03.15"]
[Round "6"]
[White "Dolensky, Filip"]
[Black "Vilimek, Vit"]
[Result "1-0"]
[WhiteElo "2108"]
[BlackElo "2018"]
[PlyCount "95"]
[EventDate "2023.03.11"]
[EventType "swiss"]
[EventRounds "9"]
[EventCountry "CZE"]
[SourceTitle "CBM 213 Extra"]
[Source "ChessBase"]
[SourceDate "2023.05.31"]
[SourceVersion "1"]
[SourceVersionDate "2023.05.31"]
[SourceQuality "1"]

1. e4 c5 2. Nf3 Nc6 3. c3 Nf6 4. e5 Nd5 5. Bc4 Nb6 6. Bb3 c4 7. Bc2 Qc7 8. 0-0 Nxe5 9. Nxe5 Qxe5 10. Re1 Qc7 11. a4 d5 12. Na3 a6 13. Qf3 Be6 14. d4 Nd7 15. Bf4 Qc6 16. a5 g6 17. b3 cxb3 18. Bxb3 Bg7 19. Nc2 Rc8 20. Bd2 Qb5 21. Nb4 0-0 22. Bxd5 Bxd5 23. Nxd5 Kh8 24. Rab1 Qc6 25. Nxe7 Qxf3 26. gxf3 Rc4 27. Nd5 Ra4 28. Rxb7 Nf6 29. Nxf6 Bxf6 30. Rb6 Bh4 31. Re4 Ra1+ 32. Kg2 Bd8 33. Rxa6 Rxa5 34. Rxa5 Bxa5 35. Re5 Ra8 36. Rc5 Kg7 37. Be3 Kf6 38. c4 Ke6 39. Rb5 h5 40. Re5+ Kd6 41. Bf4 Kd7 42. Rb5 Ra7 43. d5 Ke7 44. c5 Bc3 45. c6 Ra4 46. Rc5 Kd8 47. c7+ Kc8 48. d6 1-0

[Event "CZE-ch U16"]
[Site "Teplice"]
[Date "2023.03.14"]
[Round "5"]
[White "Hladky, Tadeas"]
[Black "Dolensky, Filip"]
[Result "1/2-1/2"]
[WhiteElo "1973"]
[BlackElo "2108"]
[PlyCount "173"]
[EventDate "2023.03.11"]
[EventType "swiss"]
[EventRounds "9"]
[EventCountry "CZE"]
[SourceTitle "CBM 213 Extra"]
[Source "ChessBase"]
[SourceDate "2023.05.31"]
[SourceVersion "1"]
[SourceVersionDate "2023.05.31"]
[SourceQuality "1"]

1. e4 e6 2. d4 d5 3. Nd2 Be7 4. Ngf3 Nf6 5. Bd3 c5 6. dxc5 Nc6 7. 0-0 0-0 8. a3 a5 9. exd5 exd5 10. h3 Bxc5 11. Nb3 Bd6 12. Re1 h6 13. Be3 Re8 14. Nbd4 Be6 15. Nxe6 Rxe6 16. Nd4 Re8 17. Nf5 Be5 18. c3 Ne7 19. Qf3 Nxf5 20. Qxf5 Qc7 21. Rad1 Rad8 22. Bb5 Re6 23. a4 Ne4 24. Qf3 Rf6 25. Qe2 Rg6 26. Bd3 f5 27. Bd4 Bxd4 28. cxd4 Qf4 29. Bxe4 fxe4 30. Rc1 Rf8 31. Rc3 Rg5 32. Rf1 Rf6 33. Kh1 Qh4 34. Kh2 Qf4+ 35. Kh1 Rfg6 36. Rg1 Rf5 37. Rf1 Kh7 38. Rb3 b6 39. Rc3 Rgf6 40. Kg1 Rg6 41. Kh1 Qh4 42. Kh2 Qf6 43. Qe3 Qd6+ 44. Kh1 Rgf6 45. Kg1 Qb4 46. b3 Rg6 47. Kh1 Qe7 48. Qe2 Qf6 49. Qe3 Qh4 50. Kh2 Qf6 51. Kh1 Qd6 52. Qe2 Qb4 53. Qe3 Rgf6 54. Kg1 b5 55. axb5 Qxb5 56. Rc5 Qd7 57. Rc3 Rg5 58. Kh2 Qd6+ 59. Kh1 Rgf5 60. Kg1 Qe6 61. Qe2 Rg5 62. Kh2 Qd6+ 63. Kh1 Rgf5 64. Kg1 Qb4 65. Qe3 Rf7 66. Rc5 Qb7 67. Rc3 Qd7 68. Qe2 Rg5 69. Kh2 Qd6+ 70. Kh1 Qg6 71. Rg1 Qf6 72. f3 Qxd4 73. Re3 exf3 74. Rxf3 Rxf3 75. Qxf3 Qe4 76. Rd1 Qxf3 77. gxf3 Rg3 78. Rxd5 Rxf3 79. Kg2 Rxb3 80. Rxa5 Kg6 81. Rc5 h5 82. h4 Rd3 83. Rg5+ Kh6 84. Ra5 Rc3 85. Rb5 g6 86. Rb7 Rc4 87. Rb5 1/2-1/2

[Event "Liberec Region-chT 2223"]
[Site "Czech Republic"]
[Date "2023.01.15"]
[Round "6.1"]
[White "Dolensky, Filip"]
[Black "Rychtar, Pavel"]
[Result "1-0"]
[WhiteElo "2065"]
[BlackElo "1941"]
[PlyCount "67"]
[EventDate "2022.10.09"]
[EventType "team-tourn"]
[EventRounds "11"]
[EventCountry "CZE"]
[SourceTitle "EXT 2024"]
[Source "ChessBase"]
[SourceDate "2023.10.10"]
[SourceVersion "1"]
[SourceVersionDate "2023.10.10"]
[SourceQuality "1"]

1. e4 c5 2. Nf3 e6 3. c3 Nf6 4. e5 Nd5 5. d4 cxd4 6. cxd4 d6 7. Bc4 dxe5 8. dxe5 Bb4+ 9. Bd2 Bxd2+ 10. Nbxd2 0-0 11. 0-0 Ne7 12. Qe2 Nbc6 13. Qe4 Ng6 14. Rad1 Qc7 15. Rfe1 Rd8 16. h4 h6 17. h5 Nf8 18. a3 Rb8 19. Bd3 b5 20. Rc1 Rd5 21. Qe3 Bb7 22. Be4 Rd7 23. Nb3 Rc8 24. Nc5 Rdd8 25. Nxb7 Qxb7 26. Qc3 Qb6 27. Bxc6 Rc7 28. Qc5 Rdc8 29. Qxb6 axb6 30. Nd4 f6 31. exf6 gxf6 32. Rc3 e5 33. Bd5+ Kg7 34. Nxb5 1-0

[Event "CZE-chT2C 2223"]
[Site "Czech Republic"]
[Date "2023.01.08"]
[Round "6.3"]
[White "Hora, Milan"]
[Black "Dolensky, Filip"]
[Result "0-1"]
[WhiteElo "2141"]
[BlackElo "2037"]
[PlyCount "172"]
[EventDate "2022.10.16"]
[EventType "team-tourn"]
[EventRounds "11"]
[EventCountry "CZE"]
[SourceTitle "EXT 2024"]
[Source "ChessBase"]
[SourceDate "2023.10.10"]
[SourceVersion "1"]
[SourceVersionDate "2023.10.10"]
[SourceQuality "1"]
[WhiteTeam "Kolin"]
[BlackTeam "Jicin"]
[WhiteTeamCountry "CZE"]
[BlackTeamCountry "CZE"]

1. d4 c5 2. d5 Nf6 3. Nf3 e6 4. c4 b5 5. dxe6 fxe6 6. cxb5 d5 7. Bg5 Be7 8. e3 0-0 9. Be2 Bb7 10. 0-0 Nbd7 11. Nc3 Qc7 12. Bh4 Bd6 13. Bg3 e5 14. Ng5 Rae8 15. Bf3 Nb6 16. a4 d4 17. Bxb7 Qxb7 18. exd4 cxd4 19. Qb3+ Kh8 20. Ne2 h6 21. Nf3 Ne4 22. Nh4 Rf6 23. Qd3 Nc5 24. Qd1 Qd5 25. a5 Nbd7 26. b4 Ne6 27. Qa4 Rd8 28. Rac1 g5 29. Rc6 gxh4 30. Bxh4 Rg6 31. g3 Rdg8 32. Ra6 d3 33. Nc3 Qf3 34. Qd1 Nd4 35. Qxf3 Nxf3+ 36. Kh1 Nxh4 37. gxh4 Bxb4 38. Rxa7 Bxc3 39. Rxd7 Bxa5 40. Rxd3 Bb6 41. Rg3 Rf6 42. Re1 Bd4 43. Rb1 Rc8 44. f3 Rb6 45. h5 Kh7 46. Rg6 Rg8 47. Rxb6 Bxb6 48. Rd1 Rd8 49. Rb1 Kg7 50. Kg2 Kf6 51. Rc1 Rd6 52. h4 Be3 53. Rb1 Rb6 54. Kf1 Rd6 55. Ke2 Bb6 56. Rc1 Ke6 57. Rc8 Bg1 58. Rg8 Bc5 59. Rc8 Kd5 60. Kd3 Rb6 61. Rd8+ Bd6 62. Rh8 Rxb5 63. Rxh6 Rb3+ 64. Ke2 Rb2+ 65. Ke1 Rh2 66. Rh8 Rxh4 67. Kf2 Rh2+ 68. Kg1 Rh4 69. Kg2 Rf4 70. Kg3 Rf8 71. Rxf8 Bxf8 72. Kg4 Ke6 73. Kg5 Kf7 74. Kf5 Bd6 75. Kg5 Kg7 76. Kf5 Kh6 77. Kg4 Bc7 78. Kh4 Ba5 79. Kg4 Bd2 80. Kf5 Bf4 81. Kg4 Kg7 82. Kf5 Kf7 83. h6 Kg8 84. Kg6 Kh8 85. h7 Bg3 86. Kh6 Bh2 0-1

[Event "Liberec Region-chT 2223"]
[Site "Czech Republic"]
[Date "2022.12.11"]
[Round "5.1"]
[White "Buchcar, Tomas"]
[Black "Dolensky, Filip"]
[Result "0-1"]
[WhiteElo "2149"]
[BlackElo "1999"]
[PlyCount "92"]
[EventDate "2022.10.09"]
[EventType "team-tourn"]
[EventRounds "11"]
[EventCountry "CZE"]
[SourceTitle "EXT 2024"]
[Source "ChessBase"]
[SourceDate "2023.10.10"]
[SourceVersion "1"]
[SourceVersionDate "2023.10.10"]
[SourceQuality "1"]

1. e4 d6 2. d4 Nf6 3. Nc3 Nbd7 4. Nf3 e5 5. Bc4 Be7 6. 0-0 c6 7. a4 h6 8. Re1 Qc7 9. b3 Nf8 10. Bb2 Ng6 11. h3 0-0 12. Bf1 Be6 13. d5 Bd7 14. Nd2 Nf4 15. Nc4 Rfd8 16. Qd2 cxd5 17. exd5 Nh7 18. Kh2 Bg5 19. Qd1 f5 20. g3 Ng6 21. h4 Bf6 22. h5 Ne7 23. f4 e4 24. Qd2 a6 25. a5 Be8 26. Be2 Bf7 27. Nb6 Rab8 28. Ra4 Nc8 29. Rc4 Qe7 30. Nba4 Na7 31. Nb6 Nb5 32. Nxb5 axb5 33. Bxf6 Nxf6 34. Rb4 Bxh5 35. Bxh5 Nxh5 36. Rxb5 g5 37. fxg5 hxg5 38. Qe2 Kg7 39. Rb4 Rh8 40. Kg2 Nf6 41. Qd2 Ng4 42. Qd4+ Kg6 43. Rg1 e3 44. Kf1 Rh2 45. Qc3 Rf2+ 46. Ke1 Nh2 0-1

[Event "CZE-chT2C 2223"]
[Site "Czech Republic"]
[Date "2022.11.20"]
[Round "3.3"]
[White "Machacek, Jan"]
[Black "Dolensky, Filip"]
[Result "1-0"]
[WhiteElo "2016"]
[BlackElo "2037"]
[PlyCount "91"]
[EventDate "2022.10.16"]
[EventType "team-tourn"]
[EventRounds "11"]
[EventCountry "CZE"]
[SourceTitle "EXT 2024"]
[Source "ChessBase"]
[SourceDate "2023.10.10"]
[SourceVersion "1"]
[SourceVersionDate "2023.10.10"]
[SourceQuality "1"]
[WhiteTeam "Liberec"]
[BlackTeam "Jicin"]
[WhiteTeamCountry "CZE"]
[BlackTeamCountry "CZE"]

1. c4 Nf6 2. Nf3 d6 3. Nc3 g6 4. g3 Bg7 5. Bg2 c6 6. 0-0 0-0 7. d4 Bf5 8. Re1 Ne4 9. Nd2 Nxc3 10. bxc3 e5 11. Nb3 Qc7 12. f4 Rd8 13. e4 Be6 14. fxe5 dxe5 15. d5 Bc8 16. Bg5 f6 17. Be3 Na6 18. Qd2 c5 19. a4 Qd6 20. a5 Bd7 21. Nc1 b6 22. Nd3 Rdb8 23. Qf2 f5 24. axb6 axb6 25. Ra2 Nc7 26. Rea1 Rxa2 27. Rxa2 Ra8 28. Rxa8+ Nxa8 29. Qa2 Qb8 30. exf5 gxf5 31. g4 e4 32. Bf4 Qe8 33. Ne5 Bxe5 34. Bxe5 Qxe5 35. Qxa8+ Kf7 36. Qa7 Qd6 37. gxf5 e3 38. Bf3 Ke7 39. Qa8 Bxf5 40. Qg8 Qe5 41. d6+ Kd7 42. Bb7 Kxd6 43. Qb8+ Ke6 44. Bd5+ Qxd5 45. cxd5+ Kxd5 46. Qf4 1-0

[Event "Pardubice rapid op 33rd"]
[Site "Pardubice"]
[Date "2022.07.21"]
[Round "7"]
[White "Dolensky, Filip"]
[Black "Bertram, Karsten"]
[Result "1-0"]
[WhiteElo "2051"]
[BlackElo "2062"]
[PlyCount "97"]
[EventDate "2022.07.20"]
[EventType "swiss (rapid)"]
[EventRounds "9"]
[EventCountry "CZE"]
[SourceTitle "CBM 209 Extra"]
[Source "ChessBase"]
[SourceDate "2022.09.30"]
[SourceVersion "1"]
[SourceVersionDate "2022.09.30"]
[SourceQuality "1"]

1. Nf3 d5 2. g3 Nc6 3. d4 Bf5 4. Bg2 Qd7 5. c4 dxc4 6. 0-0 Bh3 7. Qa4 Bxg2 8. Kxg2 0-0-0 9. Qxc4 e6 10. Nc3 Nf6 11. Bf4 Nd5 12. Nxd5 exd5 13. Qa4 f6 14. Rac1 g5 15. Bd2 Kb8 16. b4 Ne7 17. Qc2 h5 18. h4 g4 19. Ne1 Nf5 20. Qc3 Nd6 21. Bf4 Bh6 22. Nd3 Bxf4 23. Nxf4 Ne4 24. Qd3 f5 25. e3 Rh6 26. Rc2 Qa4 27. Rfc1 c6 28. b5 Qxb5 29. Qxb5 cxb5 30. Nxd5 Ra6 31. Ne7 Nd6 32. Kf1 Ra4 33. Ke2 Rc4 34. Kd3 a6 35. Ng6 Rdc8 36. Ne5 Rxc2 37. Rxc2 Rxc2 38. Kxc2 Ne4 39. Ng6 Kc7 40. Ne7 Nxf2 41. Nxf5 Nh1 42. e4 a5 43. d5 b4 44. e5 Nf2 45. e6 Ne4 46. Kd3 Nf6 47. d6+ Kd8 48. Kc4 b6 49. Kb5 1-0

[Event "Pardubice rapid op 33rd"]
[Site "Pardubice"]
[Date "2022.07.21"]
[Round "6"]
[White "Kavalir, Jan"]
[Black "Dolensky, Filip"]
[Result "0-1"]
[WhiteElo "1987"]
[BlackElo "2051"]
[PlyCount "70"]
[EventDate "2022.07.20"]
[EventType "swiss (rapid)"]
[EventRounds "9"]
[EventCountry "CZE"]
[SourceTitle "CBM 209 Extra"]
[Source "ChessBase"]
[SourceDate "2022.09.30"]
[SourceVersion "1"]
[SourceVersionDate "2022.09.30"]
[SourceQuality "1"]

1. e4 c5 2. Nc3 a6 3. g3 b5 4. Bg2 Bb7 5. d3 e6 6. Nf3 Qc7 7. 0-0 d6 8. Re1 Nd7 9. a3 Ngf6 10. d4 cxd4 11. Qxd4 Be7 12. a4 bxa4 13. Rxa4 Rc8 14. Nd2 e5 15. Qe3 0-0 16. Bf1 Nc5 17. Ra1 Rfd8 18. b4 Ne6 19. Bb2 Nd4 20. Rec1 d5 21. Bxa6 Bxa6 22. Rxa6 Bxb4 23. Nxd5 Nxd5 24. exd5 Bxd2 25. Bxd4 Bxe3 26. Bxe3 Rxd5 27. c4 Ra5 28. Rb6 Rc5 29. Bxc5 Qxc5 30. Rb7 g5 31. Rd1 Qxc4 32. Rdd7 e4 33. Re7 h5 34. Ra7 h4 35. Ra5 h3 0-1

[Event "Pardubice Czech op-E 33rd"]
[Site "Pardubice"]
[Date "2022.07.17"]
[Round "6.1"]
[White "Cech, Pavel"]
[Black "Dolensky, Filip"]
[Result "1-0"]
[WhiteElo "2358"]
[BlackElo "2051"]
[PlyCount "55"]
[EventDate "2022.07.14"]
[EventType "team-swiss"]
[EventRounds "7"]
[EventCountry "CZE"]
[SourceTitle "CBM 209 Extra"]
[Source "ChessBase"]
[SourceDate "2022.09.30"]
[SourceVersion "1"]
[SourceVersionDate "2022.09.30"]
[SourceQuality "1"]
[WhiteTeam "Turnov Zikuda II"]
[BlackTeam "Libstat"]
[WhiteTeamCountry "CZE"]
[BlackTeamCountry "CZE"]

1. d4 Nf6 2. Bg5 d5 3. Nc3 c6 4. e3 h6 5. Bh4 e6 6. Nf3 Be7 7. Ne5 Nbd7 8. f4 Nxe5 9. fxe5 Nd7 10. Bxe7 Qxe7 11. Bd3 0-0 12. Qh5 f5 13. g4 Qg5 14. Qxg5 hxg5 15. gxf5 exf5 16. Kd2 g6 17. Rag1 Kf7 18. Rxg5 Rg8 19. h4 Rh8 20. h5 Rxh5 21. Rhxh5 gxh5 22. Rxf5+ Ke7 23. Rxh5 Nf8 24. Ne2 Bg4 25. Rg5 Be6 26. Rg7+ Bf7 27. Nf4 Rd8 28. Bf5 1-0

[Event "CZE-ch U16"]
[Site "Herlikovice"]
[Date "2021.10.26"]
[Round "4"]
[White "Dolensky, Filip"]
[Black "Winter, Ondrej"]
[Result "0-1"]
[WhiteElo "1962"]
[BlackElo "2026"]
[PlyCount "56"]
[EventDate "2021.10.23"]
[EventType "swiss"]
[EventRounds "9"]
[EventCountry "CZE"]
[SourceTitle "EXT 2023"]
[Source "ChessBase"]
[SourceDate "2022.10.05"]
[SourceVersion "1"]
[SourceVersionDate "2022.10.05"]
[SourceQuality "1"]

1. e4 c5 2. b4 cxb4 3. a3 bxa3 4. Nxa3 d6 5. d4 Nf6 6. Bd3 e5 7. c3 Be7 8. Ne2 0-0 9. 0-0 Nc6 10. Nc4 exd4 11. cxd4 d5 12. exd5 Nxd5 13. Ne5 Nxe5 14. dxe5 Nb4 15. Be4 Bg4 16. Qxd8 Rfxd8 17. Nf4 g5 18. h3 Bd7 19. Nd5 Nxd5 20. Bxd5 Bb5 21. Rd1 Bc4 22. Bxg5 Rxd5 23. Rxd5 Bxg5 24. Rd4 Be6 25. Rb4 a5 26. Rxb7 a4 27. Rb4 a3 28. Kf1 Bd2 0-1

[Event "Pardubice Czech op-A 32nd"]
[Site "Pardubice"]
[Date "2021.07.24"]
[Round "2"]
[White "Redzisz, Michal"]
[Black "Dolensky, Filip"]
[Result "1-0"]
[WhiteElo "2246"]
[BlackElo "1906"]
[PlyCount "87"]
[EventDate "2021.07.23"]
[EventType "swiss"]
[EventRounds "9"]
[EventCountry "CZE"]
[SourceTitle "CBM 203 Extra"]
[Source "ChessBase"]
[SourceDate "2021.09.30"]
[SourceVersion "1"]
[SourceVersionDate "2021.09.30"]
[SourceQuality "1"]

1. e4 c5 2. Nf3 a6 3. c4 Nc6 4. d4 cxd4 5. Nxd4 e5 6. Nf5 d5 7. cxd5 Bxf5 8. exf5 Nd4 9. Nc3 Nf6 10. Bg5 Be7 11. Bxf6 Bxf6 12. Bd3 0-0 13. 0-0 Rc8 14. Kh1 Re8 15. Qg4 Nb5 16. Bxb5 axb5 17. Ne4 Kh8 18. Rfd1 Qd7 19. d6 Rc6 20. Rd3 Rec8 21. Rad1 Bd8 22. h3 f6 23. f4 exf4 24. Qxf4 Bb6 25. Rc3 Rc4 26. Rxc4 Rxc4 27. Qf3 Rc8 28. Ng3 Re8 29. Kh2 h6 30. Rd3 Re1 31. h4 Re5 32. Rd5 Re3 33. Qf4 Qc6 34. Rd2 Qc1 35. Re2 Qc5 36. Rxe3 Qxe3 37. Qxe3 Bxe3 38. Ne4 Kg8 39. d7 Bb6 40. Nc5 Kf7 41. Nxb7 Ke7 42. d8Q+ Bxd8 43. Nxd8 Kxd8 44. Kg3 1-0

[Event "CZE-ch Betsys Online Blitz"]
[Site "Chess.com INT"]
[Date "2021.04.17"]
[Round "10"]
[White "Dolensky, Filip"]
[Black "Belaska, Premysl"]
[Result "0-1"]
[WhiteElo "1841"]
[BlackElo "2205"]
[PlyCount "62"]
[EventDate "2021.04.17"]
[EventType "swiss (blitz)"]
[EventRounds "13"]
[EventCountry "CZE"]
[SourceTitle "CBM 201 Extra"]
[Source "ChessBase"]
[SourceDate "2021.05.31"]
[SourceVersion "1"]
[SourceVersionDate "2021.05.31"]
[SourceQuality "1"]

1. e4 c5 2. Nc3 d6 3. f4 Nc6 4. Nf3 g6 5. Bb5 Bd7 6. d3 Bg7 7. 0-0 a6 8. Bxc6 Bxc6 9. Be3 e6 10. Qe1 Ne7 11. Qf2 b6 12. d4 Qc7 13. Rad1 0-0-0 14. e5 Nf5 15. dxc5 dxc5 16. g4 Nxe3 17. Qxe3 Qb7 18. Ng5 h6 19. Nge4 Kb8 20. Nd6 Qc7 21. Nce4 Ba8 22. c4 Rhf8 23. Rd3 g5 24. Ra3 gxf4 25. Qxf4 f5 26. gxf5 exf5 27. Nc3 Bxe5 28. Qxe5 Rxd6 29. Rxa6 Rg6+ 30. Qg3 Rxg3+ 31. hxg3 Qxg3# 0-1

[Event "CZE-ch Betsys Online Blitz"]
[Site "Chess.com INT"]
[Date "2021.04.17"]
[Round "7"]
[White "Dolensky, Filip"]
[Black "Novotny, Martin"]
[Result "1-0"]
[WhiteElo "1841"]
[BlackElo "2117"]
[PlyCount "87"]
[EventDate "2021.04.17"]
[EventType "swiss (blitz)"]
[EventRounds "13"]
[EventCountry "CZE"]
[SourceTitle "CBM 201 Extra"]
[Source "ChessBase"]
[SourceDate "2021.05.31"]
[SourceVersion "1"]
[SourceVersionDate "2021.05.31"]
[SourceQuality "1"]

1. e4 c5 2. Nc3 Nc6 3. f4 g6 4. Bb5 Bg7 5. Bxc6 bxc6 6. Nf3 e6 7. d3 Ne7 8. 0-0 d5 9. e5 0-0 10. Na4 Qa5 11. c4 dxc4 12. dxc4 Rd8 13. Qc2 Nf5 14. Bd2 Qc7 15. b3 Nd4 16. Qb2 Qe7 17. Be3 Rb8 18. Nxc5 Qxc5 19. Bxd4 Qb4 20. Qf2 a5 21. Bc5 Qb7 22. Rad1 Bd7 23. Ng5 Bf8 24. Ne4 a4 25. Nf6+ Kg7 26. Bxf8+ Kxf8 27. Nxh7+ Kg7 28. Nf6 Be8 29. Rxd8 Rxd8 30. Qh4 Qb6+ 31. Kh1 axb3 32. Qh7+ Kf8 33. Qh8+ Ke7 34. Nxe8 Rxe8 35. Qf6+ Kd7 36. Qxf7+ Re7 37. Rd1+ Kc8 38. Qxe7 bxa2 39. Qe8+ Kb7 40. Rd7+ Ka6 41. Qa8+ Qa7 42. Rxa7+ Kb6 43. Rxa2 Kc5 44. Qa7+ 1-0

[Event "CZE-ch Betsys Online Blitz"]
[Site "Chess.com INT"]
[Date "2021.04.17"]
[Round "2"]
[White "Dolensky, Filip"]
[Black "Stalmach, Richard"]
[Result "0-1"]
[WhiteElo "1841"]
[BlackElo "2296"]
[PlyCount "78"]
[EventDate "2021.04.17"]
[EventType "swiss (blitz)"]
[EventRounds "13"]
[EventCountry "CZE"]
[SourceTitle "CBM 201 Extra"]
[Source "ChessBase"]
[SourceDate "2021.05.31"]
[SourceVersion "1"]
[SourceVersionDate "2021.05.31"]
[SourceQuality "1"]

1. e4 c5 2. Nc3 e6 3. f4 Nc6 4. Bb5 a6 5. Bxc6 bxc6 6. Nf3 d5 7. e5 h5 8. d3 Nh6 9. 0-0 Nf5 10. Na4 h4 11. b3 Bb7 12. Qe1 Be7 13. c4 Qc7 14. Ba3 Rd8 15. Rd1 Ba8 16. Qf2 d4 17. Rd2 Bb7 18. Re1 Kf8 19. Bxc5 Kg8 20. Bb6 Qc8 21. Bxd8 Qxd8 22. c5 a5 23. Rc1 Ba6 24. Nb2 Qd5 25. Na4 Bb5 26. Nb6 Qd8 27. a4 Ba6 28. g3 hxg3 29. hxg3 Bxc5 30. Rxc5 Qxb6 31. Rcc2 Ne3 32. Rb2 c5 33. Ng5 Bb7 34. Ne4 Bxe4 35. dxe4 Qa6 36. Qe2 Qb7 37. Rd3 Qxe4 38. Rxe3 Qh1+ 39. Kf2 Rh2# 0-1

[Event "CZE-ch rapid U20"]
[Site "Ceska Trebova"]
[Date "2020.09.19"]
[Round "6"]
[White "Dolensky, Filip"]
[Black "Barak, David"]
[Result "0-1"]
[WhiteElo "1629"]
[BlackElo "1993"]
[PlyCount "86"]
[EventDate "2020.09.19"]
[EventType "swiss (rapid)"]
[EventRounds "9"]
[EventCountry "CZE"]
[SourceTitle "CBM 198 Extra"]
[Source "ChessBase"]
[SourceDate "2020.11.30"]
[SourceVersion "1"]
[SourceVersionDate "2020.11.30"]
[SourceQuality "1"]

1. e4 c6 2. Nc3 d5 3. Nf3 Bg4 4. h3 Bxf3 5. Qxf3 e6 6. exd5 cxd5 7. Bb5+ Nc6 8. 0-0 Nf6 9. d4 Be7 10. Ne2 0-0 11. c3 Rc8 12. Bf4 a6 13. Bxc6 Rxc6 14. Qd3 b5 15. Rac1 Qb6 16. Be3 Rfc8 17. Rc2 Bd6 18. Rfc1 Ne4 19. Bf4 Be7 20. f3 Nf6 21. Be3 Qc7 22. b3 Ba3 23. Bf4 Qb6 24. Rd1 Be7 25. Be3 Qc7 26. Rdc1 Bd6 27. c4 bxc4 28. bxc4 dxc4 29. Qd1 Nd5 30. Bf2 c3 31. Qd3 Nb4 32. Qe4 Nxc2 33. Rxc2 Rb8 34. Qd3 Rb1+ 35. Rc1 Rxc1+ 36. Nxc1 Bf4 37. Be3 Bxe3+ 38. Qxe3 h6 39. Qd3 c2 40. d5 exd5 41. Qxd5 Rd6 42. Qa8+ Rd8 43. Qxa6 Rd1+ 0-1

[Event "Pardubice op rapid 30th"]
[Site "Pardubice"]
[Date "2019.07.18"]
[Round "6"]
[White "Juchelka, Petr"]
[Black "Dolensky, Filip"]
[Result "0-1"]
[WhiteElo "1691"]
[BlackElo "1609"]
[PlyCount "62"]
[EventDate "2019.07.17"]
[EventType "swiss (rapid)"]
[EventRounds "9"]
[EventCountry "CZE"]
[SourceTitle "CBM 191 Extra"]
[Source "ChessBase"]
[SourceDate "2019.09.30"]
[SourceVersion "1"]
[SourceVersionDate "2019.09.30"]
[SourceQuality "1"]

1. e4 c5 2. Nf3 a6 3. d4 cxd4 4. Nxd4 Nf6 5. Nc3 e5 6. Nf3 Bb4 7. Bd3 Qc7 8. Bd2 d6 9. 0-0 Bxc3 10. Bxc3 0-0 11. Rc1 Nbd7 12. Re1 Nc5 13. Bb4 b5 14. Qd2 Bb7 15. Bxc5 dxc5 16. c4 Rfd8 17. Qc2 b4 18. Red1 Nh5 19. g3 f5 20. Kg2 Nf6 21. Nd2 Rd4 22. f3 Rad8 23. Nb3 fxe4 24. Nxd4 Rxd4 25. Bxe4 Rxe4 26. Rd5 Nxd5 27. cxd5 Rd4 28. Re1 Bxd5 29. Qf5 Qf7 30. Rxe5 Rd2+ 31. Kh3 Qxf5+ 0-1